Statistics for Biggest Cities in Former Yugoslavia

Click here to take the quiz!

General Stats

  • This quiz has been taken 210 times
  • The average score is 14 of 20

Answer Stats

PopulationCountryAnswer% Correct
1233800SerbiaBelgrade
99%
688200CroatiaZagreb
98%
277600SloveniaLjubljana
97%
356500Bosnia H.Sarajevo
97%
204700KosovoPristina
95%
506900MacedoniaSkopje
94%
136500MontenegroPodgorica
90%
167100CroatiaSplit
90%
277500SerbiaNovi Sad
82%
187600SerbiaNiš
74%
105800Bosnia H.Mostar
72%
185000Bosnia H.Banja Luka
70%
128300CroatiaRijeka
62%
111000Bosnia H.Tuzla
55%
187000KosovoPrizren
50%
150800SerbiaKragujevac
47%
105700SerbiaSubotica
46%
110700Bosnia H.Zenica
45%
107700Bosnia H.Bijeljina
32%
101200KosovoFerizaj
12%

Score Distribution

Percentile by Number Answered

Percent of People with Each Score

Your Score History

You have not taken this quiz